[Event "SVK-chT 2122"]
[Site "Slovakia"]
[Date "2022.06.11"]
[Round "10.5"]
[White "Smolen, Jan"]
[Black "Straka, Jozef1111"]
[Result "1-0"]
[WhiteElo "2413"]
[BlackElo "2313"]
[PlyCount "165"]
[EventDate "2021.10.23"]
[EventType "team-tourn"]
[EventRounds "11"]
[EventCountry "SVK"]
[SourceTitle "EXT 2023"]
[Source "ChessBase"]
[SourceDate "2022.10.05"]
[SourceVersion "1"]
[SourceVersionDate "2022.10.05"]
[SourceQuality "1"]
[WhiteTeam "Podhajska Aquamarin"]
[BlackTeam "Zilina Mladost"]
[WhiteTeamCountry "SVK"]
[BlackTeamCountry "SVK"]

1. a3 d5 2. b4 a5 3. b5 c5 4. Nf3 Nf6 5. g3 Nbd7 6. Bb2 Qc7 7. Bg2 e5 8. 0-0 Bd6 9. d3 Nb6 10. Nbd2 c4 11. dxc4 dxc4 12. Ng5 Bf5 13. Nde4 Be7 14. Nxf6+ gxf6 15. Ne4 Na4 16. Nc3 Nxb2 17. Qc1 Be6 18. Qxb2 0-0-0 19. b6 Qc5 20. Na4 c3 21. Nxc3 Kb8 22. e4 Rd2 23. Nd5 Bxd5 24. exd5 Rxc2 25. Qb3 f5 26. d6 Bxd6 27. Qxf7 e4 28. Rad1 Rf8 29. Qe6 Rd8 30. Rd5 Qxb6 31. Qxf5 Rf8 32. Rb5 Rxf5 33. Rxb6 Bc5 34. Rxb7+ Kc8 35. Bxe4 Rfxf2 36. Rxf2 Rxf2 37. Rb5 Be3 38. Kh1 h6 39. Rxa5 Kc7 40. Ra6 Ra2 41. a4 Bb6 42. Ra8 Kd6 43. Rc8 Ke5 44. Rc4 Bd4 45. Bc6 Rb2 46. a5 Rb1+ 47. Kg2 Rb2+ 48. Kh3 Bg1 49. Bg2 Ra2 50. Rh4 Kf6 51. Rxh6+ Kg5 52. Ra6 Kh5 53. Ra8 Kg5 54. a6 Kh5 55. Rh8+ Kg5 56. Rg8+ Kh6 57. Bb7 Rxh2+ 58. Kg4 Ra2 59. Rf8 Ra3 60. Rf6+ Kg7 61. Rf3 Ra5 62. Kh4 Ra4+ 63. g4 Ra5 64. Rf5 Ra3 65. Rg5+ Kh6 66. Rh5+ Kg7 67. Re5 Kh6 68. Re6+ Kg7 69. Be4 Be3 70. g5 Ra5 71. g6 Ra4 72. Kg4 Bd4 73. Kf4 Ra5 74. Bd3 Bf6 75. Rc6 Ra4+ 76. Kf5 Ra5+ 77. Ke6 Bd4 78. Rc7+ Kf8 79. Rd7 Be3 80. g7+ Kg8 81. Bc4 Kh7 82. Kd6 Bf4+ 83. Kc6 1-0

[Event "SVK-chT 1920"]
[Site "Slovakia"]
[Date "2020.09.04"]
[Round "9.3"]
[White "Smolen, Jan"]
[Black "Bernasek, Jan"]
[Result "1/2-1/2"]
[WhiteElo "2420"]
[BlackElo "2478"]
[PlyCount "27"]
[EventDate "2019.10.19"]
[EventType "team-tourn"]
[EventRounds "11"]
[EventCountry "SVK"]
[SourceTitle "EXT 2021"]
[Source "ChessBase"]
[SourceDate "2020.10.23"]
[SourceVersion "1"]
[SourceVersionDate "2020.10.23"]
[SourceQuality "1"]
[WhiteTeam "Dunajov Inbest"]
[BlackTeam "Zilina Mladost"]
[WhiteTeamCountry "SVK"]
[BlackTeamCountry "SVK"]

1. Nf3 c5 2. c4 Nc6 3. Nc3 g6 4. g3 Bg7 5. Bg2 e6 6. e3 Nge7 7. d4 cxd4 8. Nxd4 Nxd4 9. exd4 d5 10. cxd5 Nxd5 11. Nxd5 exd5 12. 0-0 0-0 13. Be3 Be6 14. Qd2 1/2-1/2

[Event "Bratislava Doprastav op"]
[Site "Bratislava"]
[Date "2018.03.31"]
[Round "4"]
[White "Smolen, Jan"]
[Black "Bombek, Peter"]
[Result "1-0"]
[WhiteElo "2421"]
[BlackElo "2224"]
[PlyCount "109"]
[EventDate "2018.03.29"]
[EventType "swiss"]
[EventRounds "7"]
[EventCountry "SVK"]
[SourceTitle "CBM 183 Extra"]
[Source "ChessBase"]
[SourceDate "2018.04.19"]
[SourceVersion "1"]
[SourceVersionDate "2018.04.19"]
[SourceQuality "1"]

1. Nf3 d5 2. c4 e6 3. g3 Nf6 4. Bg2 dxc4 5. 0-0 c5 6. Na3 Nc6 7. Nxc4 Be7 8. b3 0-0 9. Bb2 Rb8 10. Nfe5 Nb4 11. a3 Nbd5 12. d4 Bd7 13. dxc5 Bxc5 14. b4 Be7 15. Qd4 b6 16. Rfd1 Ba4 17. Rd2 Rc8 18. g4 h6 19. h4 Ne8 20. e4 b5 21. Na5 Nb6 22. Qe3 Bd6 23. g5 hxg5 24. hxg5 Qc7 25. Qd4 Bxe5 26. Qxe5 Qxe5 27. Bxe5 f6 28. Bf4 Kf7 29. Nb7 e5 30. Be3 fxg5 31. Nd8+ Kg6 32. Bh3 Rc3 33. Ne6 Rf3 34. Bg4 Nc4 35. Rd8 Nxe3 36. Bxf3 Nc2 37. Rc1 Nf6 38. Bd1 Nxe4 39. Bxc2 Bxc2 40. Nc5 Ba4 41. Rxc3 Nxc3 42. Nxa4 bxa4 43. Rd6+ Kf5 44. Ra6 Ke4 45. Rxa7 Kd4 46. Rd7+ Ke4 47. Rxg7 Nb5 48. Rb7 Nxa3 49. Ra7 Nb5 50. Rxa4 Kd4 51. Kg2 e4 52. Ra1 Nc3 53. Rc1 Ne2 54. Rc8 Nc3 55. Rxc3 1-0

[Event "SVK-chT 1516"]
[Site "Slovakia"]
[Date "2015.11.22"]
[Round "4.1"]
[White "Ftacnik, Lubomir"]
[Black "Smolen, Jan"]
[Result "1-0"]
[WhiteElo "2554"]
[BlackElo "2437"]
[PlyCount "85"]
[EventDate "2015.10.10"]
[EventType "team-tourn"]
[EventRounds "11"]
[EventCountry "SVK"]
[SourceTitle "EXT 2017"]
[Source "ChessBase"]
[SourceDate "2016.10.25"]
[SourceVersion "1"]
[SourceVersionDate "2016.10.25"]
[SourceQuality "1"]
[WhiteTeam "Bratislava Slovan"]
[BlackTeam "Devinska Nova Ves"]
[WhiteTeamCountry "SVK"]
[BlackTeamCountry "SVK"]

1. d4 d5 2. c4 c6 3. Nc3 Nf6 4. e3 e6 5. Nf3 Nbd7 6. Qc2 b6 7. b3 Bb7 8. Bd3 Be7 9. 0-0 0-0 10. Bb2 Rc8 11. Rad1 Qc7 12. Ne5 h6 13. f4 Nxe5 14. fxe5 Nd7 15. cxd5 cxd5 16. Qe2 Nb8 17. Nb5 Qd7 18. Nxa7 Rc7 19. Nb5 Rcc8 20. Ba3 Bxa3 21. Nxa3 Nc6 22. Nc2 Qe7 23. Rf3 Ra8 24. a3 f6 25. exf6 Rxf6 26. Rxf6 Qxf6 27. Rf1 Qe7 28. e4 Na5 29. b4 dxe4 30. Bxe4 Nc6 31. d5 Nd8 32. Qh5 exd5 33. Bxd5+ Kh7 34. Qf5+ g6 35. Qf3 Bxd5 36. Qxd5 Rc8 37. Re1 Qf7 38. Ne3 h5 39. Qd6 b5 40. Nd5 Nc6 41. Rf1 Qa7+ 42. Kh1 Nd4 43. Ne7 1-0

[Event "SVK-chT 1516"]
[Site "Slovakia"]
[Date "2015.10.10"]
[Round "1.1"]
[White "Manik, Mikulas"]
[Black "Smolen, Jan"]
[Result "0-1"]
[WhiteElo "2407"]
[BlackElo "2437"]
[PlyCount "74"]
[EventDate "2015.10.10"]
[EventType "team-tourn"]
[EventRounds "11"]
[EventCountry "SVK"]
[SourceTitle "CBM 168 Extra"]
[Source "ChessBase"]
[SourceDate "2015.10.29"]
[SourceVersion "1"]
[SourceVersionDate "2015.10.29"]
[SourceQuality "1"]
[WhiteTeam "Prakovce"]
[BlackTeam "Devinska Nova Ves"]
[WhiteTeamCountry "SVK"]
[BlackTeamCountry "SVK"]

1. e4 c6 2. d4 d5 3. e5 Bf5 4. h4 h6 5. g4 Bd7 6. h5 e6 7. f4 c5 8. c3 Qb6 9. Na3 cxd4 10. cxd4 Bb4+ 11. Kf2 Nc6 12. Nf3 f6 13. Nc2 fxe5 14. fxe5 0-0-0 15. Bd3 Rf8 16. Be3 Be7 17. Qe2 Bg5 18. b3 Bxe3+ 19. Qxe3 Nge7 20. Kg3 Be8 21. Nh4 Qa5 22. Qe1 Qb6 23. Qe3 g5 24. hxg6 Rfg8 25. Raf1 Nxg6 26. Nxg6 Bxg6 27. Bxg6 Rxg6 28. Rf6 Rg7 29. Qf4 Nd8 30. Rhxh6 Rhg8 31. Ne3 Qa5 32. Rh2 Qe1+ 33. Kf3 Rc7 34. Re2 Qh1+ 35. Kg3 Rh8 36. Qf2 Rh3+ 37. Kf4 Qe4+ 0-1

[Event "SVK-ch"]
[Site "Banska Stiavnica"]
[Date "2015.07.08"]
[Round "5"]
[White "Smolen, Jan"]
[Black "Jurcik, Marian"]
[Result "1/2-1/2"]
[WhiteElo "2443"]
[BlackElo "2492"]
[PlyCount "129"]
[EventDate "2015.07.04"]
[EventType "tourn"]
[EventRounds "9"]
[EventCountry "SVK"]
[EventCategory "9"]
[SourceTitle "CBM 167 Extra"]
[Source "ChessBase"]
[SourceDate "2015.09.14"]
[SourceVersion "1"]
[SourceVersionDate "2015.09.14"]
[SourceQuality "1"]

1. Nf3 c5 2. c4 Nc6 3. Nc3 g6 4. e3 Nf6 5. d4 cxd4 6. exd4 d5 7. Bg5 Be6 8. c5 Bg7 9. Bb5 Ne4 10. Be3 0-0 11. Qa4 Nxc3 12. bxc3 Bd7 13. 0-0 a6 14. Bxc6 Bxc6 15. Qb3 Qc7 16. Rfe1 f6 17. Rad1 Qd7 18. Rd2 e5 19. Rb2 Rae8 20. Nd2 Kh8 21. Rbb1 Re6 22. Qb2 Rfe8 23. Nf1 h6 24. Qd2 Kh7 25. f4 R6e7 26. fxe5 fxe5 27. dxe5 h5 28. Bd4 Bxe5 29. h3 Qc7 30. Qf2 Re6 31. Re3 Bb5 32. Rf3 R8e7 33. Ne3 Qd7 34. Rd1 Bc6 35. g4 Bxd4 36. cxd4 Re4 37. gxh5 gxh5 38. Nf5 Rf7 39. Nd6 Rg7+ 40. Kh2 Qe6 41. Nxe4 dxe4 42. Re3 Rf7 43. Qe2 Rf5 44. Rg1 Qf6 45. Qd1 Rf2+ 46. Kh1 Qf5 47. Qb3 Bd5 48. Qb6 Qf7 49. a3 Rf3 50. Rge1 Rxh3+ 51. Kg2 Rh4 52. Qd6 Rf4 53. Kh1 Rf1+ 54. Rxf1 Qxf1+ 55. Kh2 Qf2+ 56. Kh1 Qf1+ 57. Kh2 Qf2+ 58. Kh1 Qxe3 59. Qxd5 Qh3+ 60. Kg1 Qg3+ 61. Kf1 Qf3+ 62. Kg1 Qg3+ 63. Kf1 Qf3+ 64. Kg1 Qg3+ 65. Kf1 1/2-1/2

[Event "SVK-ch"]
[Site "Banska Stiavnica"]
[Date "2015.07.06"]
[Round "3"]
[White "Smolen, Jan"]
[Black "Markos, Jan"]
[Result "0-1"]
[WhiteElo "2443"]
[BlackElo "2592"]
[PlyCount "86"]
[EventDate "2015.07.04"]
[EventType "tourn"]
[EventRounds "9"]
[EventCountry "SVK"]
[EventCategory "9"]
[SourceTitle "CBM 167 Extra"]
[Source "ChessBase"]
[SourceDate "2015.09.14"]
[SourceVersion "1"]
[SourceVersionDate "2015.09.14"]
[SourceQuality "1"]

1. e4 c5 2. Nc3 Nc6 3. Bb5 g6 4. Bxc6 bxc6 5. f4 c4 6. b3 Bg7 7. Nge2 d5 8. e5 d4 9. Ne4 d3 10. N2c3 Nh6 11. Ba3 Bg4 12. Qc1 Bf5 13. bxc4 0-0 14. Bc5 f6 15. exf6 Bxf6 16. Nxf6+ exf6 17. 0-0 dxc2 18. Bxf8 Qd4+ 19. Kh1 Rxf8 20. Qe1 Rd8 21. Qe7 Rd7 22. Qe8+ Kg7 23. Rae1 Qxc4 24. Re7+ Nf7 25. Rfe1 Rxd2 26. h3 Bd7 27. Rxd7 Rxd7 28. Qxd7 Qxc3 29. Rc1 h5 30. Qxa7 Qd2 31. Qg1 Nd6 32. Qe1 Qd3 33. Kh2 Nf5 34. a4 Kf7 35. Qb4 Nd4 36. Qb7+ Kg8 37. Qc8+ Kh7 38. Qe8 Nf3+ 39. gxf3 Qd2+ 40. Kg3 h4+ 41. Kxh4 Qf2+ 42. Kg4 Qg2+ 43. Kh4 g5+ 0-1

[Event "SVK-ch"]
[Site "Banska Stiavnica"]
[Date "2015.07.04"]
[Round "1"]
[White "Smolen, Jan"]
[Black "Mazur, Stefan"]
[Result "1-0"]
[WhiteElo "2443"]
[BlackElo "2370"]
[PlyCount "111"]
[EventDate "2015.07.04"]
[EventType "tourn"]
[EventRounds "9"]
[EventCountry "SVK"]
[EventCategory "9"]
[SourceTitle "CBM 167 Extra"]
[Source "ChessBase"]
[SourceDate "2015.09.14"]
[SourceVersion "1"]
[SourceVersionDate "2015.09.14"]
[SourceQuality "1"]

1. e4 e5 2. Nc3 Nf6 3. f4 d5 4. fxe5 Nxe4 5. Nf3 Be7 6. Qe2 Nxc3 7. dxc3 c5 8. Bf4 Nc6 9. 0-0-0 Be6 10. h4 h6 11. c4 d4 12. Nd2 Qa5 13. a3 Qa4 14. Ne4 Na5 15. Nd6+ Bxd6 16. exd6 Nxc4 17. Qh5 Rc8 18. Re1 Ne3 19. Bxe3 dxe3 20. Rxe3 0-0 21. Qe5 Qd4 22. Be2 Qxe5 23. Rxe5 Rfd8 24. Rd1 Kf8 25. b3 Rc6 26. Bf3 Rcxd6 27. Rxd6 Rxd6 28. Bxb7 Rd7 29. Ba6 Rd5 30. Re4 Ke7 31. Ra4 Rd4 32. Ra5 Kd6 33. Be2 Rxh4 34. Rxa7 Bd5 35. a4 Rf4 36. g4 Rf2 37. Bd1 c4 38. Ra6+ Kc5 39. Ra5+ Kd4 40. c3+ Kxc3 41. Rxd5 cxb3 42. Rf5 b2+ 43. Kb1 Rd2 44. Rf3+ Kb4 45. Bc2 Rg2 46. Rb3+ Ka5 47. Rb5+ Ka6 48. Bf5 g6 49. Bc8+ Ka7 50. Rb7+ Ka8 51. Rxf7 Rg1+ 52. Kxb2 h5 53. gxh5 gxh5 54. Rh7 Kb8 55. Be6 Re1 56. Bc4 1-0

[Event "IPCA Wch-B 15th"]
[Site "Bratislava"]
[Date "2015.06.23"]
[Round "6.1"]
[White "Pacher, Milan"]
[Black "Smolen, Jan"]
[Result "1-0"]
[WhiteElo "2466"]
[BlackElo "2446"]
[PlyCount "69"]
[EventDate "2015.06.19"]
[EventType "swiss"]
[EventRounds "9"]
[EventCountry "SVK"]
[SourceTitle "EXT 2024"]
[Source "ChessBase"]
[SourceDate "2023.10.10"]
[SourceVersion "1"]
[SourceVersionDate "2023.10.10"]
[SourceQuality "1"]

1. d4 Nf6 2. c4 c5 3. d5 b5 4. cxb5 a6 5. bxa6 g6 6. Nc3 Bxa6 7. e4 Bxf1 8. Kxf1 d6 9. Nf3 Bg7 10. g3 0-0 11. Kg2 Nbd7 12. a4 Qa5 13. Bd2 Qa6 14. Qc2 Rfc8 15. b3 Ng4 16. h3 Nge5 17. Nxe5 Nxe5 18. Nb5 e6 19. dxe6 fxe6 20. Bc3 d5 21. Bxe5 Bxe5 22. Rae1 Bf6 23. h4 c4 24. exd5 exd5 25. h5 Kg7 26. hxg6 hxg6 27. Qd2 Rh8 28. Nc7 Qb7 29. Nxa8 Rxh1 30. Rxh1 cxb3 31. Qh6+ Kf7 32. Qf4 Qxa8 33. Qc7+ Kg8 34. Qh7+ Kf8 35. Qh8+ 1-0

[Event "IPCA Wch-B 15th"]
[Site "Bratislava"]
[Date "2015.06.20"]
[Round "2.2"]
[White "Bezuch, Martin"]
[Black "Smolen, Jan"]
[Result "1-0"]
[WhiteElo "2207"]
[BlackElo "2446"]
[PlyCount "103"]
[EventDate "2015.06.19"]
[EventType "swiss"]
[EventRounds "9"]
[EventCountry "SVK"]
[SourceTitle "EXT 2024"]
[Source "ChessBase"]
[SourceDate "2023.10.10"]
[SourceVersion "1"]
[SourceVersionDate "2023.10.10"]
[SourceQuality "1"]

1. c4 e6 2. g3 d5 3. Bg2 Nf6 4. Nf3 dxc4 5. Qa4+ c6 6. Qxc4 b5 7. Qc2 Bb7 8. d4 Nbd7 9. 0-0 Rc8 10. Rd1 c5 11. dxc5 Bxc5 12. Qd3 Qb6 13. e3 0-0 14. Nc3 Bc6 15. Nd4 Bxg2 16. Kxg2 b4 17. Na4 Qb7+ 18. f3 e5 19. Qb5 Qd5 20. e4 Qd6 21. Nb3 Qxd1 22. Bd2 Qxa1 23. Nxa1 Rb8 24. Qa6 Bd4 25. Nb3 Rfd8 26. Qa5 Rdc8 27. Kf1 Rc2 28. Nxd4 Rxd2 29. Nc6 Re8 30. Qxb4 Rxh2 31. Qc3 Nh5 32. Kg1 Rh3 33. Ne7+ Kf8 34. Nf5 Nxg3 35. Kg2 Nxf5 36. Kxh3 Nd4 37. Qc7 Nf6 38. Kg2 Nh5 39. Nc3 Nf4+ 40. Kf2 Nde6 41. Qxa7 h5 42. Nd5 h4 43. b4 h3 44. Kg3 Rc8 45. Qe7+ Kg8 46. Nxf4 exf4+ 47. Kxh3 Rc2 48. a4 g5 49. a5 Kg7 50. a6 g4+ 51. Kxg4 Rg2+ 52. Kf5 1-0

[Event "IPCA Wch-B 15th"]
[Site "Bratislava"]
[Date "2015.06.19"]
[Round "1.2"]
[White "Smolen, Jan"]
[Black "Machalec, Vladimir"]
[Result "1-0"]
[WhiteElo "2446"]
[BlackElo "1912"]
[PlyCount "51"]
[EventDate "2015.06.19"]
[EventType "swiss"]
[EventRounds "9"]
[EventCountry "SVK"]
[SourceTitle "EXT 2024"]
[Source "ChessBase"]
[SourceDate "2023.10.10"]
[SourceVersion "1"]
[SourceVersionDate "2023.10.10"]
[SourceQuality "1"]

1. Nf3 Nf6 2. c4 g6 3. Nc3 Bg7 4. d4 0-0 5. e4 d6 6. Be2 Nbd7 7. 0-0 e5 8. Re1 a5 9. Bf1 Nh5 10. Bg5 Qe8 11. Nd5 f6 12. Nxc7 Qf7 13. Be3 Rb8 14. Nb5 Qe6 15. Rc1 b6 16. c5 Kh8 17. c6 exd4 18. Nfxd4 Qxe4 19. Nxd6 Qe7 20. Nxc8 Rfxc8 21. cxd7 Rxc1 22. Qxc1 Qxd7 23. Be2 f5 24. Bxh5 Bxd4 25. Bxd4+ Qxd4 26. Bf3 1-0

[Event "SVK-chT1E 1415"]
[Site "Slovakia"]
[Date "2015.03.14"]
[Round "10.2"]
[White "Sorkovsky, Miroslav"]
[Black "Smolen, Jan"]
[Result "0-1"]
[WhiteElo "2204"]
[BlackElo "2453"]
[PlyCount "41"]
[EventDate "2014.10.18"]
[EventType "team-tourn"]
[EventRounds "11"]
[EventCountry "SVK"]
[SourceTitle "EXT 2016"]
[Source "ChessBase"]
[SourceDate "2015.10.08"]
[SourceVersion "1"]
[SourceVersionDate "2015.10.08"]
[SourceQuality "1"]
[WhiteTeam "Banska Bystrica CVC"]
[BlackTeam "Humenne"]
[WhiteTeamCountry "SVK"]
[BlackTeamCountry "SVK"]

1. e4 e6 2. d4 d5 3. Nc3 Bb4 4. exd5 Qxd5 5. Nf3 Nf6 6. Bd3 b6 7. 0-0 Bxc3 8. bxc3 0-0 9. c4 Qd6 10. a4 Rd8 11. Bg5 Nc6 12. c3 Bb7 13. Re1 Ne7 14. Ne5 Ng6 15. Re3 c5 16. Bxf6 gxf6 17. Qh5 fxe5 18. Rh3 e4 19. Qxh7+ Kf8 20. Be2 Ke7 21. dxc5 0-1

[Event "AUT-chT2O 1415"]
[Site "Austria"]
[Date "2015.03.08"]
[Round "11.6"]
[White "Smolen, Jan"]
[Black "Ganaus, Hannes"]
[Result "1-0"]
[WhiteElo "2453"]
[BlackElo "2322"]
[PlyCount "81"]
[EventDate "2014.10.18"]
[EventType "team-tourn"]
[EventRounds "11"]
[EventCountry "AUT"]
[SourceTitle "EXT 2016"]
[Source "ChessBase"]
[SourceDate "2015.10.08"]
[SourceVersion "1"]
[SourceVersionDate "2015.10.08"]
[SourceQuality "1"]
[WhiteTeam "Pamhagen"]
[BlackTeam "Poechlarn"]
[WhiteTeamCountry "AUT"]
[BlackTeamCountry "AUT"]

1. e4 e6 2. d4 d5 3. Nd2 Nf6 4. e5 Nfd7 5. c3 c5 6. f4 Nc6 7. Ndf3 Qb6 8. Ne2 Be7 9. a3 f6 10. h4 0-0 11. Rh3 a5 12. b3 Rb8 13. Neg1 Qc7 14. Bd3 h6 15. Bb1 b5 16. Qd3 f5 17. Ne2 c4 18. bxc4 dxc4 19. Qc2 Nb6 20. g4 Qd7 21. Ng3 b4 22. gxf5 exf5 23. axb4 axb4 24. Qg2 Nd5 25. Nh5 Rf7 26. Rg3 Bf8 27. Rg6 Nxc3 28. Nf6+ Rxf6 29. exf6 Nxb1 30. fxg7 Bxg7 31. Rxb1 Bb7 32. d5 Kh7 33. dxc6 Bc3+ 34. Bd2 Qd3 35. Bxc3 Re8+ 36. Be5 Qxb1+ 37. Kf2 Qc2+ 38. Kf1 Qxg2+ 39. Rxg2 Bxc6 40. Rg7+ Kh8 41. Rc7+ 1-0

[Event "SVK-chT2A 1415"]
[Site "Slovakia"]
[Date "2015.02.14"]
[Round "8.1"]
[White "Lanc, Alois"]
[Black "Smolen, Jan"]
[Result "1/2-1/2"]
[WhiteElo "2344"]
[BlackElo "2453"]
[PlyCount "210"]
[EventDate "2014.10.11"]
[EventType "team-tourn"]
[EventRounds "11"]
[EventCountry "SVK"]
[SourceTitle "EXT 2016"]
[Source "ChessBase"]
[SourceDate "2015.10.08"]
[SourceVersion "1"]
[SourceVersionDate "2015.10.08"]
[SourceQuality "1"]
[WhiteTeam "Trnava Modranka"]
[BlackTeam "Devinska Nova Ves II"]
[WhiteTeamCountry "SVK"]
[BlackTeamCountry "SVK"]

1. e4 e6 2. d4 d5 3. Nc3 Bb4 4. e5 c5 5. a3 Ba5 6. b4 cxd4 7. Nb5 Bc7 8. f4 Bd7 9. Nxc7+ Qxc7 10. Nf3 Nh6 11. Bb2 Nf5 12. Bd3 0-0 13. Qe2 Rc8 14. 0-0 a6 15. Rf2 Bb5 16. g4 Bxd3 17. cxd3 Ne7 18. Nxd4 Nbc6 19. Raf1 Qb6 20. Qe3 Qc7 21. Qh3 Qb6 22. Nf3 Ng6 23. Ng5 h6 24. Nxf7 Kxf7 25. Qh5 Nce7 26. f5 Kg8 27. Kg2 Qe3 28. f6 Qg5 29. fxe7 Qxh5 30. gxh5 Nxe7 31. Bd4 Nf5 32. Bc5 Rc6 33. Rxf5 exf5 34. Rxf5 Re8 35. Kf3 b6 36. Bd6 Rc3 37. Ke3 Rxa3 38. Kd4 Rb3 39. Rf3 a5 40. Kxd5 a4 41. e6 a3 42. e7 Kh7 43. Rf8 Rxd3+ 44. Kc6 a2 45. Rxe8 Rxd6+ 46. Kxd6 a1Q 47. Rh8+ Kxh8 48. e8Q+ Kh7 49. Qg6+ Kh8 50. Qe8+ Kh7 51. Qe4+ Kh8 52. Kc7 Qc3+ 53. Kxb6 Qf6+ 54. Kc5 Qf8+ 55. Kc4 Qf1+ 56. Qd3 Qf4+ 57. Qd4 Qf1+ 58. Kc5 Qf8+ 59. Qd6 Qc8+ 60. Kb6 Qh3 61. Qe5 Qd7 62. b5 Qd8+ 63. Ka6 Qa8+ 64. Kb6 Qd8+ 65. Ka7 Qd7+ 66. Ka8 Qd2 67. Qe8+ Kh7 68. Qe4+ Kh8 69. Qf5 Qa2+ 70. Kb7 Qg2+ 71. Kc7 Qxh2+ 72. Kc8 Qb2 73. Qc5 Qf6 74. b6 Qe6+ 75. Kb8 Qf6 76. b7 Qf4+ 77. Kc8 Qg4+ 78. Kc7 Qg3+ 79. Qd6 Qc3+ 80. Kd8 Qa5+ 81. Kd7 Qb5+ 82. Kc8 Qf5+ 83. Qd7 Qc5+ 84. Kd8 Qa5+ 85. Kc8 Qc5+ 86. Qc7 Qf5+ 87. Kb8 Kh7 88. Ka7 Qf2+ 89. Qb6 Qa2+ 90. Qa6 Qf2+ 91. Ka8 Qf3 92. Qg6+ Kh8 93. Qd6 Kh7 94. Qc5 Qe4 95. Qa5 Qf3 96. Qe5 Qa3+ 97. Kb8 Qf8+ 98. Kc7 Qf7+ 99. Kc6 Qc4+ 100. Qc5 Qe6+ 101. Kb5 Qb3+ 102. Qb4 Qd5+ 103. Kb6 Qe6+ 104. Kc7 Qf7+ 105. Kb8 Qg8+ 1/2-1/2

[Event "SVK-chT 1415"]
[Site "Slovakia"]
[Date "2015.01.18"]
[Round "6.5"]
[White "Smolen, Jan"]
[Black "Antoniewski, Rafal"]
[Result "1/2-1/2"]
[WhiteElo "2453"]
[BlackElo "2552"]
[PlyCount "77"]
[EventDate "2014.10.25"]
[EventType "team-tourn"]
[EventRounds "11"]
[EventCountry "SVK"]
[SourceTitle "EXT 2016"]
[Source "ChessBase"]
[SourceDate "2015.10.08"]
[SourceVersion "1"]
[SourceVersionDate "2015.10.08"]
[SourceQuality "1"]
[WhiteTeam "Devinska Nova Ves"]
[BlackTeam "Dunajov"]
[WhiteTeamCountry "SVK"]
[BlackTeamCountry "SVK"]

1. e4 c5 2. Nf3 d6 3. d4 cxd4 4. Nxd4 Nf6 5. Nc3 Nc6 6. Be3 Ng4 7. Bc1 Qb6 8. Bb5 Bd7 9. Bxc6 bxc6 10. 0-0 g6 11. h3 Bg7 12. Nde2 Nf6 13. b3 0-0 14. Qd3 Rfd8 15. Bb2 a5 16. Na4 Qb7 17. e5 Bf5 18. Qc4 dxe5 19. Ng3 Be6 20. Qe2 Nd7 21. Ne4 Bf5 22. Rfe1 Qc7 23. c4 Bxe4 24. Qxe4 e6 25. Rad1 Rab8 26. Bc3 f5 27. Qh4 Nf8 28. Qg3 Nd7 29. Rd2 f4 30. Qg5 Kf7 31. Qh4 h5 32. f3 Bf6 33. Qf2 Be7 34. Rde2 Bf6 35. Nc5 Qa7 36. Nxd7 Qxf2+ 37. Rxf2 Rxd7 38. Bxe5 Bxe5 39. Rxe5 1/2-1/2

[Event "AUT-chT2O 1415"]
[Site "Austria"]
[Date "2014.12.06"]
[Round "5.1"]
[White "Petran, Peter"]
[Black "Smolen, Jan"]
[Result "1/2-1/2"]
[WhiteElo "2330"]
[BlackElo "2453"]
[PlyCount "30"]
[EventDate "2014.10.18"]
[EventType "team-tourn"]
[EventRounds "11"]
[EventCountry "AUT"]
[SourceTitle "EXT 2016"]
[Source "ChessBase"]
[SourceDate "2015.10.08"]
[SourceVersion "1"]
[SourceVersionDate "2015.10.08"]
[SourceQuality "1"]
[WhiteTeam "Mattersburg"]
[BlackTeam "Pamhagen"]
[WhiteTeamCountry "AUT"]
[BlackTeamCountry "AUT"]

1. Nf3 e6 2. c4 Nf6 3. b3 Be7 4. Bb2 0-0 5. g3 c5 6. Bg2 Nc6 7. 0-0 d5 8. cxd5 exd5 9. d4 h6 10. Nc3 Be6 11. Rc1 a6 12. e3 Ne4 13. dxc5 Nxc5 14. Nd4 Rc8 15. Nxe6 fxe6 1/2-1/2

[Event "SVK-chT 1415"]
[Site "Slovakia"]
[Date "2014.11.22"]
[Round "3.1"]
[White "Krak, Tomas"]
[Black "Smolen, Jan"]
[Result "0-1"]
[WhiteElo "2353"]
[BlackElo "2453"]
[PlyCount "76"]
[EventDate "2014.10.25"]
[EventType "team-tourn"]
[EventRounds "11"]
[EventCountry "SVK"]
[SourceTitle "CBM 163 Extra"]
[Source "ChessBase"]
[SourceDate "2014.12.23"]
[SourceVersion "1"]
[SourceVersionDate "2014.12.23"]
[SourceQuality "1"]
[WhiteTeam "Kosice Slavia"]
[BlackTeam "Devinska Nova Ves"]
[WhiteTeamCountry "SVK"]
[BlackTeamCountry "SVK"]

1. Nf3 e6 2. c4 Nf6 3. g3 d5 4. Bg2 dxc4 5. Qa4+ c6 6. Qxc4 b5 7. Qc2 Bb7 8. 0-0 Na6 9. d3 Be7 10. b3 0-0 11. Bb2 Qb6 12. Nbd2 c5 13. a3 Rac8 14. Rac1 Rfd8 15. Qb1 Nb8 16. Rc2 Ne8 17. Rfc1 Nc6 18. Ne4 Na5 19. b4 cxb4 20. Rxc8 Rxc8 21. Rxc8 Bxc8 22. Bd4 Qc7 23. axb4 Nc6 24. Bc5 f5 25. Nc3 Bxc5 26. bxc5 b4 27. Nb5 Qa5 28. Nd6 Nxd6 29. cxd6 Qc5 30. Nd2 Nd4 31. e3 Ne2+ 32. Kf1 Nc3 33. Qc2 Qxd6 34. Nb3 Ba6 35. Nd4 e5 36. Qb3+ Kh8 37. Qf7 Qd8 38. Ne6 Qxd3+ 0-1

[Event "SVK-chT1E 1415"]
[Site "Slovakia"]
[Date "2014.10.19"]
[Round "2.2"]
[White "Ligart, Tamas"]
[Black "Smolen, Jan"]
[Result "1-0"]
[WhiteElo "2211"]
[BlackElo "2453"]
[PlyCount "47"]
[EventDate "2014.10.18"]
[EventType "team-tourn"]
[EventRounds "11"]
[EventCountry "SVK"]
[SourceTitle "EXT 2016"]
[Source "ChessBase"]
[SourceDate "2015.10.08"]
[SourceVersion "1"]
[SourceVersionDate "2015.10.08"]
[SourceQuality "1"]
[WhiteTeam "Jelsava"]
[BlackTeam "Humenne"]
[WhiteTeamCountry "SVK"]
[BlackTeamCountry "SVK"]

1. e4 c6 2. d4 d5 3. Nc3 dxe4 4. Nxe4 Bf5 5. Ng3 Bg6 6. Bc4 e6 7. N1e2 Bd6 8. h4 h6 9. Nf4 Bxf4 10. Bxf4 Nf6 11. Qe2 0-0 12. h5 Bh7 13. 0-0-0 b5 14. Bd3 Bxd3 15. Rxd3 Qd5 16. Kb1 Nbd7 17. f3 c5 18. dxc5 Qc6 19. b4 Nd5 20. Qd2 a5 21. Bxh6 gxh6 22. Qxh6 Qc7 23. Nf5 Qe5 24. f4 1-0

[Event "Bratislava Slovan op"]
[Site "Bratislava"]
[Date "2014.05.03"]
[Round "9"]
[White "Smolen, Jan"]
[Black "Bury, Rastislav"]
[Result "1-0"]
[WhiteElo "2436"]
[BlackElo "2119"]
[PlyCount "43"]
[EventDate "2014.04.26"]
[EventType "swiss"]
[EventRounds "9"]
[EventCountry "SVK"]
[SourceTitle "CBM 160 Extra"]
[Source "ChessBase"]
[SourceDate "2014.07.01"]
[SourceVersion "1"]
[SourceVersionDate "2014.07.01"]
[SourceQuality "1"]

1. d4 Nf6 2. c4 e6 3. Nf3 Bb4+ 4. Nbd2 d5 5. e3 0-0 6. a3 Be7 7. Bd3 b6 8. cxd5 exd5 9. b4 c5 10. bxc5 bxc5 11. dxc5 Bxc5 12. 0-0 Qe7 13. Bb2 Bg4 14. Qa4 Nbd7 15. Nd4 Ne5 16. Bb1 Rfc8 17. Nf5 Qd7 18. Qf4 Ng6 19. Qg5 Rc6 20. Bxf6 Rxf6 21. Qxg4 Ne5 22. Qxg7# 1-0